| 000 | 00630nam a2200193 i 4500 | ||
|---|---|---|---|
| 001 | 188849 | ||
| 003 | ES-MaACL | ||
| 005 | 20230906223322.0 | ||
| 008 | 190219s1964 sp |||| | cat d | ||
| 100 | 1 |
_aDürrenmatt, Friedrich ( _d1921-1990) _946322 |
|
| 245 | 1 | 3 |
_aLa promesa / _cFriedrich Dürrenmatt ; [traducció d'Artur Quintana]. |
| 260 |
_aBarcelona : _bEdiciones 62, _c[1964] |
||
| 300 |
_a112 p. ; _c18 cm. |
||
| 490 | 1 |
_aCol·lecció "La Cua de Palla" ; _v8 |
|
| 700 | 1 |
_aQuintana, Artur. _994655 |
|
| 830 | 0 |
_aCol·lecció "La Cua de Palla" ; _v8 _9193174 |
|
| 852 |
_aES-MaACL _jP-507-Bis-8 |
||
| 999 |
_c188849 _d188849 |
||